000 00673nam a2200229 i 4500
001 179560
003 ES-MaACL
005 20231114062542.0
008 111222s2010 sp |||| | spa d
020 _a978-84-322-1278-9
080 _a821.134.2-31"19"
100 1 _aVila-Matas, Enrique.
_9114728
245 1 0 _aDublinesca /
_cEnrique Vila-Matas.
250 _a1ยช ed.
260 _aBarcelona :
_bSeix Barral,
_c2010.
300 _a327 p. ;
_c23 cm.
490 1 _aBiblioteca breve
830 0 _aBiblioteca breve (Seix Barral)
_9227188
852 _aES-MaACL
_jA-11785
_9186457
_bR.146810
_cDEPO1
_dOlim: N-4790
942 _2udc
_cMONOGRAFIA
999 _c179560
_d179560